01179nam a22002657a 4500003001000000005001700010007000300027008004100030015001200071020002200083040003400105041001300139044001300152080002400165100003000189245008100219250001100300260003800311300002100349500009100370520033200461650003700793655003100830700005200861AR-RoUNCS20260226085318.0ta170127s2016 ag gr 000 f spa  aAR-2016 a978-987-738-185-6 aAR-BaBNbspacAR-RoUNCSeaacr1 aspaheng aagcar-c1 a82-3132.4(73)220161 aRyan, Jeanneeautora4aut10aNerve :bun juego sin reglas /cJeanne Ryan ; traducción de Julio Hermoso. a1a ed. aBuenos Aires :bAlfaguara,c2016. a343 p. ;c22 cm. aEn tapa: «Para sobrevivir a este juego, lanzarte al vacío es tu única opción».3 aVee normalmente se mantiene en segundo plano, pero no lo piensa dos veces cuando tiene la oportunidad de participar en un show de retos en línea. Sólo que no prevé cuán escalofriantes serán los desafíos, ni lo sádico que se puede volver un juego, o qué pueden llegar a ser los fans.c(Descripción del editor). 72embneaLiteratura norteamericana 7aNovelas de suspense2embne1 aHermoso Oliveras, Julio,d1969-etraductor4trl